Municipios de Fuerteventura en una mapa - Estadísticas

Estadísticas generales
  • Esta prueba ha sido intentada 228 veces
  • La puntuación promedio es 5 de 6
Respuestas en el mapa
Las respuestas están codificadas por una escala verde-roja en el mapa de la prueba según el % correcto abajo.
 
Estadísticas de respuestas
Municipio Población % Correcto
Puerto del Rosario 42 024
97%
Pájara 20 751
85%
Betancuria 789
82%
La Oliva 27 945
82%
Antigua 12 940
73%
Tuineje 15 572
70%
No se encontraron pruebas coincidentes
Distribución de puntuación
Porcentaje de gente con cada puntuación
Porcentaje por número respondido
Historial de tus puntuaciones
No has intentado esta prueba.